| 000 -CABECERA |
| Longitud fija campo de control |
00795nam a2200217 a 4500 |
| 001 - NÚMERO DE CONTROL |
| Número de control |
667 |
| 003 - IDENTIFICADOR DEL NÚMERO DE CONTROL |
| Identificador del número de control |
CDMR |
| 005 - FECHA Y HORA DE LA ÚLTIMA TRANSACCIÓN |
| Fecha y hora de la última transacción |
20130723115812.0 |
| 008 - CÓDIGOS DE INFORMACIÓN DE LONGITUD FIJA |
| Códigos de información de longitud fija |
130130s1995||||||||||||||||||||||||||||d |
| 020 ## - NÚMERO INTERNACIONAL NORMALIZADO PARA LIBROS |
| Número Internacional Normalizado para Libros (ISBN) |
0861964756 |
| 040 ## - FUENTE DE LA CATALOGACIÓN |
| Centro catalogador de origen |
CDMR |
| Lengua de catalogación |
cat |
| Centro transcriptor |
CPC LLEIDA |
| 245 00 - MENCIÓN DE TÍTULO |
| Título |
Decentralization in the global era |
| Resto del título |
: television in the regions, nationalities and small countries of European Union |
| Mención de responsabilidad, etc. |
edited by Miquel de Moragas Spà and Carmelo Garitaonandía |
| 260 ## - PUBLICACIÓN, DISTRIBUCIÓN, ETC. (PIE DE IMPRENTA) |
| Lugar de publicación, distribución, etc. |
London |
| Fecha de publicación, distribución, etc. |
1995 |
| Nombre del editor, distribuidor, etc. |
John Libbey |
| 300 ## - DESCRIPCIÓN FÍSICA |
| Extensión |
234 p. |
| 500 ## - NOTA GENERAL |
| Nota general |
A la coberta: Generalitat de Catalunya. Centre d'Investigació de la Comunicació |
| 650 04 - PUNTO DE ACCESO ADICIONAL DE MATERIA - TÉRMINO DE MATERIA |
| 9 (RLIN) |
3711 |
| Término de materia o nombre geográfico como elemento inicial |
Televisió |
| Subdivisión geográfica |
Europa |
| 650 04 - PUNTO DE ACCESO ADICIONAL DE MATERIA - TÉRMINO DE MATERIA |
| 9 (RLIN) |
3092 |
| Término de materia o nombre geográfico como elemento inicial |
Indústria audiovisual |
| 700 1# - PUNTO DE ACCESO ADICIONAL - NOMBRE DE PERSONA |
| 9 (RLIN) |
475 |
| Nombre de persona |
Moragas Spà, Miquel de |
| 700 1# - PUNTO DE ACCESO ADICIONAL - NOMBRE DE PERSONA |
| 9 (RLIN) |
1718 |
| Nombre de persona |
Garitaonandia, Carmelo |
| Término indicativo de función |
eds. |
| 942 ## - ENTRADA DE ELEMENTOS AGREGADOS (KOHA) |
| Koha [por defecto] tipo de item |
Monografies |
| Fuente de clasificaión o esquema |
|